000 00417nam a2200181Ia 4500
001 526
005 20260306140524.0
008 260306t2007||||xx |||||||||||||| ||spa||
041 _aESP
082 _a123.2
_bK21 2007
100 _aKant, Immanuel
_eAUT
245 0 _aCrítica de la razón pura
260 _c2007
300 _a690 páginas :
_c21 cm.
650 _aGEN
654 _aCHU
942 _cLIB
_dJUS
_fJUS
_2ddc
_n
999 _c526
_d526